000 00526nam a2200181Ia 4500
001 7582
005 20260306160506.0
008 260306t2017||||xx |||||||||||||| ||spa||
041 _aESP
082 _a352
_bB17
100 _aConsorcio de Investigación Económica y Social, CIES
_eAUT
245 0 _aBalance de investigación en políticas públicas 2011 - 2016 y agenda de investigación 2017 - 2021
260 _c2017
300 _a723 páginas :
_c21 cm.
650 _aGEN
654 _aCAN
942 _cLIB
_dJUS
_fJUS
_2ddc
_n
999 _c7582
_d7582